000 00353nam a2200133Ia 4500
008 150201s2006 xx 000 0 und d
082 _a617.96
_bE06C
100 _aCHANDERSEKARAN, R
245 _aESSENTIALS OF ANESTHESIA FOR UNDERGRADUATES
250 _a1ST
260 _bJAYPEE BROTHERS
_aDELHI
_c2006
650 _aANAESTHESIOLOGY
942 _2ddc
_cBK
_02
999 _c1038
_d1038